|
|
|
|
| LEADER |
00000nab a2200000ua 4500 |
| 001 |
vtls010829259 |
| 003 |
SK-MaSNL |
| 005 |
20260303225330.0 |
| 008 |
230222s1972 xo |||||||||||||||||eng| |
| 035 |
|
|
|a (urnnbn)urn:nbn:sk:snk:ar-a06fd5
|
| 035 |
|
|
|a urn:nbn:sk:snk-ab5unq
|
| 035 |
|
|
|a (uuid)49f96bbe-2306-4d3e-870d-1faa33f94e28
|
| 040 |
|
|
|a SNKBUCL
|b slo
|c SNKBUCL
|e AACR2
|
| 041 |
0 |
|
|a eng
|
| 044 |
|
|
|a xo
|c SK
|
| 100 |
1 |
|
|a Szekerke, M.
|4 aut
|9 1262028
|
| 245 |
1 |
4 |
|a The Use of Macromolecules as Carriers of Cytotoxic Groups (Part I) Conjugates of Nitrogen Mustards with Proteins, Polypeptidyl Proteins and Polypeptides
|c M. Szekerke, R. Wade, M. E. Whisson
|
| 700 |
1 |
|
|a Wade, R.
|4 aut
|9 1262029
|
| 700 |
1 |
|
|a Whisson, M. E
|4 aut
|9 225144
|
| 773 |
0 |
|
|t Neoplasma : journal of experimental and clinical oncology
|g Roč. 19, č. 3 (1972), s. 199-209
|
| 958 |
|
|
|a OND
|
| 958 |
|
|
|a EUIPO
|
| 958 |
|
|
|a article5
|
| 999 |
|
|
|c 2256621
|d 2258551
|